Preparación del tercer plan a plazo medio: informe del director general
Se exponen los resultados de la consulta de los Estados Miembros de la UNESCO, así como los miembros asociados y las organizaciones internacionales gubernamentales y no gubernamentales, en relación con la preparación del Tercer Plan a Plazo Medio, realizada mediante un cuestionario (adjunto al final...
Guardado en:
| Institution som forfatter: | |
|---|---|
| Format: | Texto |
| Udgivet: |
París:
La Organización
|
| Fag: | |
| Tags: |
Tilføj Tag
Ingen Tags, Vær først til at tagge denne postø!
|
MARC
| LEADER | 00000 a a2200000 04500 | ||
|---|---|---|---|
| 001 | 12355 | ||
| 003 | |||
| 040 | |||
| 090 | |a 028000 | ||
| 110 | |a UNESCO | ||
| 245 | |a Preparación del tercer plan a plazo medio: informe del director general | ||
| 260 | |a París: |b La Organización | ||
| 300 | |a 75 p. | ||
| 520 | |a Se exponen los resultados de la consulta de los Estados Miembros de la UNESCO, así como los miembros asociados y las organizaciones internacionales gubernamentales y no gubernamentales, en relación con la preparación del Tercer Plan a Plazo Medio, realizada mediante un cuestionario (adjunto al final), de acuerdo a las directrices formuladas por el Consejo Ejecutivo en su 124ava. reunión. Se divide en tres partes: a- respuestas de los Estados miembros, b- respuestas de las Organizaciones Internacionales Gubernamentales y c- respuestas de las Organizaciones Internacionales no-gubernamentales. A su vez,para cada una de las partes, se tratan los siguientes aspectos: problemas generales, principales tendencias y actividades de la UNESCO en sus ámbitos de competencia (educación, ciencia y tecnología, sistemas y servicios de información, ciencias sociales y humanas, cultura y comunicación), y por último, cuestiones metodológicas (naturaleza, duración, ajustes y estructura del Plan, así como la articulación entre el Plan a Plazo Medio y los programas y presupuestos bienales. MB/EL | ||
| 650 | |a CULTURA | ||
| 650 | |a EDUCACION | ||
| 650 | |a CIENCIA | ||
| 650 | |a TECNOLOGIA | ||
| 650 | |a SERVICIOS DE INFORMACION | ||
| 650 | |a CIENCIAS SOCIALES | ||
| 650 | |a COMUNICACION | ||
| 650 | |a PROYECTOS DE DESARROLLO | ||
| 999 | |c 12794 |d 12794 | ||
